| 000 | 00560nam a2200169 i 4500 | ||
|---|---|---|---|
| 001 | 154392 | ||
| 003 | ES-MaACL | ||
| 005 | 20230906205715.0 | ||
| 008 | 931025s1864 sp |||| | spa d | ||
| 100 | 1 |
_aGomez, Alejandro. _9127374 |
|
| 245 | 1 | 4 |
_aLos sucesos de la Granja en 1836 _b: apuntes para la historia / _cpor Alejandro Gomez. |
| 260 |
_aMadrid : _b[s.n.], _c1864 ( _fImp. de Manuel de Rojas) |
||
| 300 |
_a40 p. ; _c20 cm. |
||
| 700 | 1 | 1 |
_aRojas, Manuel de, _eimp. _9132007 |
| 752 |
_aEspaña - _dMadrid |
||
| 852 |
_aES-MaACL _jFol-Laf-412 _z-- Rúst. |
||
| 999 |
_c154392 _d154392 |
||